000 00592nam a22001577a 4500
005 20120611111434.0
020 _a8173913374
_c00
035 _aB-19383
037 _aDPL
_bENG
100 _aNagi, B.S.
_948815
245 _aEducating tribals in India :
_bA study of Ashram schools /
_cby B.S. Nagi
260 _aNew Delhi
_bKanishka Publishers, Distributors
_c2000
300 _axvii, 236p.
_c20 cms.
942 _2ddc
_cEN
_h371.967
_mNAG
999 _c67782
_d67782